[Event "South Wales New Year op-B"]
[Site "Bridgend"]
[Date "2017.01.07"]
[Round "3"]
[White "Ballantyne, Peter"]
[Black "Di Vetta, Andrew"]
[Result "0-1"]
[WhiteElo "1683"]
[BlackElo "1695"]
[PlyCount "59"]
[EventDate "2017.01.06"]
[EventType "swiss"]
[EventRounds "5"]
[EventCountry "WLS"]
[SourceTitle "EXT 2019"]
[Source "ChessBase"]
[SourceDate "2018.10.10"]
[SourceVersion "1"]
[SourceVersionDate "2018.10.10"]
[SourceQuality "1"]

1. e4 c5 2. c3 d5 3. e5 e6 4. d4 Nc6 5. Nf3 Bd7 6. Be2 a6 7. a4 cxd4 8. cxd4 Bb4+ 9. Bd2 Qb6 10. Bxb4 Qxb4+ 11. Qd2 Nge7 12. 0-0 Qxd2 13. Nbxd2 Nf5 14. Nb3 0-0 15. Rfd1 Rad8 16. Nc5 Bc8 17. Rac1 Nb4 18. b3 Ne7 19. Bd3 b6 20. Bxh7+ Kxh7 21. Nd3 Nxd3 22. Rxd3 Bd7 23. Ng5+ Kg8 24. Rh3 Rc8 25. Rd1 Rc2 26. g4 Rfc8 27. Rdd3 Ng6 28. Rdf3 Be8 29. Kg2 Rd2 30. Rc3 0-1

[Event "South Wales New Year op-B"]
[Site "Bridgend"]
[Date "2017.01.06"]
[Round "1"]
[White "Ballantyne, Peter"]
[Black "Williams, Stephen"]
[Result "1/2-1/2"]
[WhiteElo "1683"]
[BlackElo "1781"]
[PlyCount "57"]
[EventDate "2017.01.06"]
[EventType "swiss"]
[EventRounds "5"]
[EventCountry "WLS"]
[SourceTitle "EXT 2019"]
[Source "ChessBase"]
[SourceDate "2018.10.10"]
[SourceVersion "1"]
[SourceVersionDate "2018.10.10"]
[SourceQuality "1"]

1. e4 c6 2. Nf3 d5 3. exd5 cxd5 4. d4 Nc6 5. Nc3 Bg4 6. Be2 e6 7. 0-0 Nf6 8. h3 Bxf3 9. Bxf3 Be7 10. Be3 a6 11. Ne2 b5 12. a3 0-0 13. c3 Qb6 14. Ng3 Rac8 15. Bf4 Na5 16. Re1 Nc4 17. Re2 Rfe8 18. Qd3 a5 19. Rc2 a4 20. Bg5 Qd6 21. Nh5 Nxh5 22. Bxe7 Rxe7 23. Bxh5 e5 24. dxe5 Rxe5 25. Bf3 Rd8 26. Rd1 Rde8 27. Kf1 Qe6 28. Be2 Re4 29. Qf3 1/2-1/2